| 000 | 01288nam a2200349Ia 4500 | ||
|---|---|---|---|
| 001 | ebr10504518 | ||
| 003 | CaPaEBR | ||
| 006 | m u | ||
| 007 | cr cn||||||||| | ||
| 008 | 111003s2011 enkab s 001 0 eng d | ||
| 010 | _z 2011500800 | ||
| 020 | _z1845118413 | ||
| 020 | _z1848856148 | ||
| 020 | _z9780857720108 | ||
| 020 | _z9781845118419 | ||
| 020 | _z9781848856141 | ||
| 040 |
_aCaPaEBR _cCaPaEBR |
||
| 035 | _a(OCoLC)759007000 | ||
| 050 | 1 | 4 |
_aNA961 _b.S52 2011eb |
| 100 | 1 | _aSharpe, Geoffrey R. | |
| 245 | 1 | 0 |
_aTraditional buildings of the English countryside _h[electronic resource] : _ban illustrated guide / _cGeoffrey R. Sharpe. |
| 260 |
_aLondon ; _aNew York : _bI.B. Tauris, _c2011. |
||
| 300 |
_ax, 228 p. : _bill., map. |
||
| 500 | _aIncludes index. | ||
| 533 |
_aElectronic reproduction. _bPalo Alto, Calif. : _cebrary, _d2011. _nAvailable via World Wide Web. _nAccess may be limited to ebrary affiliated libraries. |
||
| 650 | 0 |
_aArchitecture _zEngland. |
|
| 650 | 0 |
_aVernacular architecture _zEngland. |
|
| 650 | 0 |
_aCountry homes _zEngland. |
|
| 655 | 7 |
_aElectronic books. _2local |
|
| 710 | 2 | _aebrary, Inc. | |
| 856 | 4 | 0 |
_uhttp://site.ebrary.com/lib/rucke/Doc?id=10504518 _zAn electronic book accessible through the World Wide Web; click to view |
| 999 |
_c114400 _d114400 |
||